[Event "San Francisco TNM Summer op"]
[Site "San Francisco"]
[Date "2013.06.25"]
[Round "5"]
[White "Sepulveda, Ben"]
[Black "Zhao, Audrey Jin Nin"]
[Result "1/2-1/2"]
[WhiteElo "1640"]
[BlackElo "1801"]
[PlyCount "70"]
[EventDate "2013.05.28"]
[EventType "swiss"]
[EventRounds "8"]
[EventCountry "USA"]
[SourceTitle "EXT 2016"]
[Source "ChessBase"]
[SourceDate "2015.10.08"]
[SourceVersion "1"]
[SourceVersionDate "2015.10.08"]
[SourceQuality "1"]

1. d4 d5 2. c4 c6 3. g3 Nf6 4. Nf3 g6 5. Bg2 Bg7 6. 0-0 0-0 7. Nc3 Bf5 8. Nh4 Be6 9. cxd5 cxd5 10. Bd2 Nc6 11. Nf3 Ne4 12. Be3 Nxc3 13. bxc3 f6 14. Re1 Bf7 15. a4 e5 16. dxe5 fxe5 17. Ng5 d4 18. Nxf7 Rxf7 19. cxd4 exd4 20. Bd2 Qd7 21. Ra3 Kh8 22. Rb3 b6 23. Qb1 Raf8 24. Rf1 Nd8 25. e3 dxe3 26. Bxe3 Qxa4 27. Rc1 Qd7 28. Rd1 Qe8 29. Rbd3 Nc6 30. Bd5 Rf6 31. Re1 Qc8 32. Rc1 Qe8 33. Re1 Qb8 34. Bf4 Qc8 35. Rc1 Qe8 1/2-1/2